|
|
|
|
| LEADER |
00000nla2a2200000 4500 |
| 001 |
238523 |
| 005 |
20231031205155.0 |
| 035 |
|
|
|a (RuTPU)RU\TPU\book\259718
|
| 035 |
|
|
|a RU\TPU\book\259711
|
| 090 |
|
|
|a 238523
|
| 100 |
|
|
|a 20130528d2012 k y0rusy50 ca
|
| 101 |
0 |
|
|a rus
|
| 102 |
|
|
|a RU
|
| 105 |
|
|
|a y z 100zy
|
| 135 |
|
|
|a drcn ---uucaa
|
| 181 |
|
0 |
|a i
|
| 182 |
|
0 |
|a b
|
| 200 |
1 |
|
|a Альтернативный алгоритм расчета платы за выбросы загрязняющих веществ в воздух
|b Электронный ресурс
|f М. П. Иванова
|g науч. рук. Г. Ю. Боярко
|
| 203 |
|
|
|a Текст
|c электронный
|
| 215 |
|
|
|a 1 файл (602 Кб)
|
| 225 |
1 |
|
|a Экономика минерального и углеводородного сырья. Горное право
|
| 230 |
|
|
|a Электронные текстовые данные (1 файл : 602 Кб)
|
| 300 |
|
|
|a Заглавие с титульного листа
|
| 320 |
|
|
|a [Библиогр.: с. 713 (7 назв.)]
|
| 337 |
|
|
|a Adobe Reader
|
| 461 |
|
1 |
|0 (RuTPU)RU\TPU\book\252494
|t Проблемы геологии и освоения недр
|o труды XVI Международного симпозиума имени академика М. А. Усова студентов и молодых ученых, Томск, 2-7 апреля 2012 г.
|o в 2 т.
|f Национальный исследовательский Томский политехнический университет (ТПУ), Институт природных ресурсов (ИПР) ; Общество инженеров-нефтяников, Студенческий чаптер ; под ред. О. Г. Савичева
|d 2012
|
| 463 |
|
1 |
|0 (RuTPU)RU\TPU\book\252518
|t Т. 2
|v [С. 711-713]
|d 2012
|
| 610 |
1 |
|
|a труды учёных ТПУ
|
| 610 |
1 |
|
|a электронный ресурс
|
| 610 |
1 |
|
|a плата
|
| 610 |
1 |
|
|a платежи
|
| 610 |
1 |
|
|a расчет
|
| 610 |
1 |
|
|a альтернатива
|
| 610 |
1 |
|
|a алгоритмы
|
| 610 |
1 |
|
|a алгоритмы расчета
|
| 610 |
1 |
|
|a загрязняющие вещества
|
| 610 |
1 |
|
|a выбросы в атмосферу
|
| 610 |
1 |
|
|a окружающая среда
|
| 610 |
1 |
|
|a негативные воздействия
|
| 610 |
1 |
|
|a экономические инструменты
|
| 610 |
1 |
|
|a природоресурсные платежи
|
| 700 |
|
1 |
|a Иванова
|b М. П.
|c специалист в области нефтегазового дела
|c ассистент кафедры Томского политехнического университета
|f 1982-
|g Мария Петровна
|2 stltpush
|3 (RuTPU)RU\TPU\pers\30879
|
| 702 |
|
1 |
|a Боярко
|b Г. Ю.
|c экономист
|c заведующий кафедрой Томского политехнического университета, доктор экономических наук
|f 1954-
|g Григорий Юрьевич
|2 stltpush
|4 340
|
| 801 |
|
1 |
|a RU
|b 63413507
|c 20130205
|
| 801 |
|
2 |
|a RU
|b 63413507
|c 20190218
|g RCR
|
| 856 |
4 |
|
|u http://www.lib.tpu.ru/fulltext/c/2012/C11/V2/335.pdf
|
| 942 |
|
|
|c CF
|